000 00596nam a2200205Ia 4500
003 OSt
005 20230601145534.0
008 210423s1983 xx 000 0 und d
040 _cAL
041 _aeng
082 _a305.5122
_223
_b GOVW
245 _aWelfare of scheduled castes scheduled tribals and minorites in karnataka
260 _aKarnataka
_bGovernment Of Karnataka
_c1983
300 _a176
_bPB
365 _cINR
650 _aSocial Classes
_9118215
650 _aSociology
_9118216
906 _acastes ; karnataka ; minorites ; scheduled ; tribals ; Welfare
942 _2ddc
_cBK
999 _c174697
_d174697